000 00370 a2200157 4500
001 69782
020 _a8572722238
040 _cAnchieta - Itaigara
100 _aHohfeldt, Antônio
240 1 0 _aO velhinho que virou criança
_lpor
245 1 0 _aO velhinho que virou criança
300 _a44
362 0 _a2006
650 4 _aLiteratura infanto-juvenil
942 _cBK
999 _c69782
_d69782